00458nam a2200193Ia 4500003000400000005001700004008004100021020002200062040000700084041000800091082001600099100001900115245003800134260003400172300001700206365001300223650001200236650001600248OSt20230509112942.0210423s2013 xx 000 0 und d a978-81-8489-846-0 cAL aeng a512.52 HALF aHALMOS(Paul R) aFinite dimenisional vector spaces aDelhibSpringer Pvt Ltdc2013 aviii,199bPB b495cINR aAlgebra aMathematics